000 00301nam a22001337a 4500
020 _a9780876142595
041 _aeng
080 _a52
090 _bHAS
100 _aHaskins, Jim and Kathleen Benson.
245 _aSpace Challenger: The Story of Guion Bluford.
650 _aScience
999 _c279448
_d279448
942 _cBK